Child of liberty : (Record no. 84022)

MARC details
000 -LEADER
fixed length control field 00536nam a22001817a 4500
005 - DATE AND TIME OF LATEST TRANSACTION
control field 20140704105254.0
010 ## - LCCN (DPL NO)
LC control number ENG-109864
020 ## - INTERNATIONAL STANDARD BOOK NUMBER
Terms of availability 100.00
International Standard Book Number 9789350450185
035 ## - SYSTEM CONTROL NUMBER
System control number EN-93397
037 ## - SOURCE OF ACQUISITION
Source of stock number/acquisition DBAD/PUB
082 ## - DEWEY DECIMAL CLASSIFICATION NUMBER
Classification number 881
100 ## - MAIN ENTRY--PERSONAL NAME
Personal name Nandrajog, Divyam
245 00 - TITLE STATEMENT
Title Child of liberty :
Statement of responsibility, etc by Divyam Nandrajog
Remainder of title introspections of a wandering mind /
260 ## - PUBLICATION, DISTRIBUTION, ETC. (IMPRINT)
Place of publication, distribution, etc Calcatta
Name of publisher, distributor, etc Writers Workshop
Date of publication, distribution, etc 2011
270 ## - ADDRESS
Address 162/92 Lake Gardens
City Calcutta
Postal code 700045
300 ## - PHYSICAL DESCRIPTION
Extent 87p.
Dimensions 22cm(Hb)
942 ## - ADDED ENTRY ELEMENTS (KOHA)
Source of classification or shelving scheme Dewey Decimal Classification
Item type English Books
Call number suffix NAN
Classification part 881
Holdings
Withdrawn status Lost status Not for loan Collection code Home library Current library Date acquired Source of acquisition Cost, normal purchase price Full call number Barcode Copy number Cost, replacement price Koha item type
    Not For Loan Non-fiction D.B.Act.Division D.B.Act.Division 07/05/2014 DBAD/PUB 100.00 881 NAN EN-93397 1 100.00 English Books

© Delhi Public Library
Hit Counter
free hit counter